Estadísticas para Países de los Grandes Lagos de África con un Mapa Vacío

Haz click aquí para intentar la prueba.

Estadísticas generales

  • Esta prueba ha sido intentada 3.404 veces
  • La puntuación promedio es 9 de 10

Respuestas en el mapa

Las respuestas están codificadas por una escala verde-roja en el mapa de la prueba según el % correcto abajo.
 

Estadísticas de respuestas

País% Correcto
R.D. Congo
99%
Etiopía
96%
Kenia
96%
Mozambique
96%
Tanzania
96%
Uganda
95%
Ruanda
94%
Zambia
94%
Burundi
90%
Malaui
90%

Distribución de puntuación

Porcentaje por número respondido

Porcentaje de gente con cada puntuación

Historial de tus puntuaciones

No has intentado esta prueba.